000 00325nam a2200133Ia 4500
008 150301s2015 xx 000 0 und d
082 _a614
_bH15G
100 _aA.K GUPTA
245 _aHB. OF HEALTH EDUCATION & COMMUNITY PHARMACY
260 _bCBS- DELHI
300 _a300
650 _aCOMMUNITY PHARMACY
942 _2ddc
_cBK
999 _c7078
_d7078